Comedias de don Pedro Calderón de la Barca. (Registro nro. 65177)

Detalles MARC
000 - Líder
Campo de control de longitud fija 00660nam a22002297a 4500
003 - Identificador de número de control
Campo de control OSt
005 - Fecha y hora de la última transacción
Campo de control 20260703093814.0
008 - Elementos de datos de longitud fija - Información general
Campo de control de longitud fija 260703b ar ||||| |||| 00| | spa d
040 ## - Fuente de catalogación
Agencia de catalogación HCSPBA
041 ## - Código de idioma
Idioma Español
942 ## - Elementos de entrada adicional
Tipo de ítem LIBROS
100 ## - Autor
Nombre personal Calderón de la Barca, Pedro
700 ## - Autor
Nombre personal Hartzenbusch, Juan Eugenio
Función Compilador
245 ## - Título propiamente dicho
Título Comedias de don Pedro Calderón de la Barca.
Número de parte/sección de una obra Tomo 3.
260 ## - Publicación, Distribución, etc.
Lugar de publicación, distribución, etc. Madrid.
Nombre del editor, distribuidor, etc. M. Rivadeneyra.
Fecha de publicación, distribución, etc. 1863.
300 ## - Descripción física
Extensión 4 v.
490 ## - Declaración de serie
Mención de serie Biblioteca de autores españoles, desde la formación del lenguaje hasta nuestros días
Volumen/designación secuencial 12
650 ## - Asunto - Temas
Tema TEATRO
650 ## - Asunto - Temas
Tema LITERATURA
650 ## - Asunto - Temas
Tema HISTORIA
651 ## - Asunto - Nombre geográfico
Nombre geográfico ESPAÑA
999 ## -
-- 65177
-- 134646
Existencias
Biblioteca depositaria Tipo de ítem Colección Signatura topográfica Código de barra Préstamo - Restricciones Fecha de adquisición
Biblioteca Legislativa y Pública "Eva Perón" LIBROS Fondo general 1803 T.12 LEG-LIB-020875 Sala de lectura 03.07.2026

Con tecnología Koha